| 000 | 00543nam a2200181 a 4500 | ||
|---|---|---|---|
| 005 | 20240911064629.0 | ||
| 008 | 991125s1993 mad 000 0 spa u | ||
| 020 | _a8478840842 | ||
| 035 | _aUPN01000043923 | ||
| 049 | _aCG | ||
| 050 | 4 |
_aLB1029 C7 _bG8.6 |
|
| 100 | 1 |
_aGutiérrez Pérez, Francisco, _d1928- |
|
| 245 | 1 | 0 |
_aPedagogía de la comunicación en la educación popular / _cFrancisco Gutiérrez Pérez. |
| 260 |
_aMadrid : _bPopular, _c1993. |
||
| 300 | _a124 p. | ||
| 650 | 4 |
_aComunicación en la educación _91520 |
|
| 905 | _aLibro | ||
| 999 |
_c43923 _d43923 |
||